|
|
|
|
| LEADER |
00000nam0a2200000 4500 |
| 001 |
315729 |
| 005 |
20231101015048.0 |
| 020 |
|
|
|a RU
|b 83-44708
|
| 035 |
|
|
|a (RuTPU)RU\TPU\book\341166
|
| 035 |
|
|
|a RU\TPU\book\330502
|
| 090 |
|
|
|a 315729
|
| 100 |
|
|
|a 20160309d1976 km y0rusy5003 ca
|
| 101 |
0 |
|
|a rus
|
| 102 |
|
|
|a RU
|
| 105 |
|
|
|a y z 000zy
|
| 200 |
1 |
|
|a Что значит быть современным
|f В. Т. Лисовский
|
| 210 |
|
|
|a Москва
|c Политиздат
|d 1976
|
| 215 |
|
|
|a 159 с.
|
| 225 |
1 |
|
|a Личность, мораль, воспитание
|
| 225 |
1 |
|
|a Серия художественно-публицистических и научно-популярных изданий
|
| 333 |
|
|
|a Исключено из фонда НТБ ТПУ
|
| 700 |
|
1 |
|a Лисовский
|b В. Т.
|g Владимир Тимофеевич
|
| 801 |
|
0 |
|a RU
|b 63413507
|c 19950704
|g psbo
|
| 801 |
|
1 |
|a RU
|b 63413507
|c 20150925
|
| 801 |
|
2 |
|a RU
|b 63413507
|c 20200710
|g RCR
|
| 942 |
|
|
|c BK
|